Návrh protieróznych a krajinno-inžinierskych opatrení v povodí
Guardado en:
| Autor principal: | |
|---|---|
| Otros Autores: | |
| Formato: | Manuscrito Libro |
| Lenguaje: | eslovaco |
| Publicado: |
2015
|
| Materias: | |
| Acceso en línea: | http://is.stuba.sk/zp/portal_zp.pl?podrobnosti=116463 https://opac.crzp.sk/?fn=detailBiblioForm&sid=A1BE4CBC10A6410E2ED4718DE444 |
| Etiquetas: |
Sin Etiquetas, Sea el primero en etiquetar este registro!
|
MARC
| LEADER | 00000ntm a22000003a 4500 | ||
|---|---|---|---|
| 001 | stuzp51590 | ||
| 003 | SK-STU | ||
| 005 | 20230817135316.3 | ||
| 007 | ta | ||
| 008 | 150427s2015----xo-----f-mn---000-0-slo-d | ||
| 040 | |a STU |b slo | ||
| 041 | 0 | |a slo | |
| 100 | 1 | |a Schreinerová, Simona |u 010160 |4 aut |U SvF Stavebná fakulta |T SvF Katedra vodného hospodárstva krajiny |X 58982 |U V160 |Y 16 |7 58982 | |
| 242 | 0 | 1 | |a Proposal erosion and landscape-engineering measures in the basin |y eng |
| 245 | 1 | 0 | |a Návrh protieróznych a krajinno-inžinierskych opatrení v povodí |
| 260 | |c 2015 | ||
| 650 | 4 | |a povodie |2 slo | |
| 650 | 4 | |a erózia pôdy |2 slo | |
| 650 | 4 | |a protierózne opatrenia |2 slo | |
| 650 | 4 | |a soil erosion |2 eng | |
| 650 | 4 | |a erosion control |2 eng | |
| 650 | 4 | |a river basin |2 eng | |
| 700 | 1 | |a Hlavčová, Kamila |4 ths |X 905 |7 A000000905 | |
| 856 | 4 | |u http://is.stuba.sk/zp/portal_zp.pl?podrobnosti=116463 | |
| 856 | 4 | |u https://opac.crzp.sk/?fn=detailBiblioForm&sid=A1BE4CBC10A6410E2ED4718DE444 | |
| SQL | |a stuzp51590 |b DBP |c SLO |d Návrh protieróznych a krajinno-inžinierskych opatrení v povodí |e 58982 |f Schreinerová, Simona |g 010160 |h 905 |i Hlavčová, Kamila |j 20150623 |k 985 |l 01 |m http://is.stuba.sk/zp/portal_zp.pl?podrobnosti=116463 |n B-STOP |o 5.2.8. stavebníctvo, 6.4.1. vodné hospodárstvo | ||